Répond aux questions : thème football - Statistiques

Statistiques générales
  • Ce quiz a été pris 248 fois
    164 depuis la dernière actualisation
  • Le résultat moyen est 14 sur 21
Statistiques - réponses
Question Réponse % Correct
Combien de ballon d'or possède Lionel Messi ? 8
99%
Combien de titres consécutifs de champion de France a remportél'Olympique Lyonnais ? 7
92%
Quel est le seul club français à avoir gagné la LDC ? Olympique de Marseille
92%
Combien de Ligue des Champions a gagné le Real Madrid ? 14
89%
En quelle année Kylian Mbappé a-t-il rejoint le PSG ? 2017
87%
Quel club a le plus de titres de champion d'Italie ? Juventus
86%
Quel est le premier pays à avoir gagné la CDM ? Uruguay
77%
Qui est le meilleur buteur de l'histoire de la Liga ?(juste son nom) Messi
74%
Quel club anglais a marqué le plus de points lors d'une saison en Premier League ? Manchester City
73%
En quelle année ? 1930
67%
Quel est le plus grand stade de Ligue 1 ? Vélodrome
66%
Qui marque le 3ème but lors de la finale de la CDM 1998 ? (juste son nom) Petit
63%
Quel est l'actuel numéro de Mohammed Salah à Liverpool ? 11
62%
Quel club entraînait Christophe Galtier entre 2017 et 2021 ? Losc
62%
Combien de titre ? 36
60%
Combien de points ? 100
56%
Lors de quelle saison Leicester City remporte le titre inattendu de Premier League ? (....-....) 2015-2016
56%
Quel est le montant du transfert de Neymar au PSG ? (juste le chiffre) 222
56%
Quelle saison ? (....-....) 2017-2018
39%
Entre quelle année et quelle année ? (....-....) 2002-2008
35%
Quel joueur a remporté le plus de titres de Ligue 1 ?(juste son nom) Verratti
30%
Aucun quiz correspondant
Distribution des résultats
% des personnes avec chaque résultat
Percentile par nombre de réponses
Votre historique - résultats
Vous n’avez pas pris ce quiz depuis la dernière actualisation